Sports Quiz

Random Sports or Role Quiz

WWE Smackdown VS Raw 2006 Roster Quiz Stats

Quiz not verified by Sporcle

Challenge
Share
Tweet
Embed
Score 0/63 Timer 15:00
1 Play Today
Role Answer % Correct
SuperstarTriple H
94.7%
SuperstarJohn Cena
90.6%
SuperstarKane
90.6%
SuperstarBatista
90.1%
SuperstarUndertaker
89.8%
SuperstarRandy Orton
89.3%
SuperstarBig Show
88.9%
SuperstarBooker T
88.9%
SuperstarEdge
88.2%
SuperstarShawn Michaels
87.9%
DivaTrish Stratus
87.6%
SuperstarEddie Guerrero
86.7%
DivaLita
86.2%
SuperstarRic Flair
85.9%
SuperstarChavo Guerrero
85.5%
SuperstarKurt Angle
85.3%
SuperstarChristian
85%
SuperstarChris Benoit
84.3%
SuperstarChris Jericho
84.3%
SuperstarRey Mysterio
84.3%
SuperstarThe Rock
83.5%
SuperstarHogan 80's
83%
SuperstarHollywood Hogan
83%
SuperstarHulk Hogan
83%
SuperstarJ. B. Layfield
82.6%
SuperstarStone Cold Steve Austin
82.1%
SuperstarRob Van Dam
79.9%
SuperstarShelton Benjamin
79%
SuperstarMankind
77.9%
SuperstarBret Hart
77.7%
SuperstarCarlito
77.3%
DivaTorrie Wilson
76.8%
Role Answer % Correct
SuperstarAndre The Giant
75.8%
SuperstarWilliam Regal
75.8%
SuperstarCharlie Haas
75%
SuperstarJimmy Hart
74.6%
SuperstarThe Hurricane
74.1%
SuperstarChris Masters
73.8%
SuperstarSpike Dudley
72.5%
SuperstarPaul London
71.4%
DivaMichelle McCool
70.5%
DivaStacy Keibler
69.7%
SuperstarTajiri
69.7%
SuperstarOrlando Jordan
69.3%
SuperstarRene Dupree
69.2%
DivaChristy Hemme
69%
SuperstarDanny Basham
69%
SuperstarDoug Basham
68.8%
SuperstarEugene
68.7%
SuperstarSnitsky
68.3%
SuperstarRob Conway
67.3%
SuperstarTed DiBiase
65.9%
SuperstarSylvain Grenier
65.2%
SuperstarMuhammad Hassan
64.6%
SuperstarJake Roberts
63.7%
SuperstarBritish Bulldog
63.2%
SuperstarHeidenreich
62.9%
SuperstarKhosrow Daivari
62.7%
SuperstarScotty 2 Hotty
62.5%
SuperstarMark Jindrak
62.4%
DivaJoy Giovanni
61.7%
SuperstarJunkyard Dog
60.8%
SuperstarSteven Richards
57.8%

You're not logged in!

Compare scores with friends on all Sporcle quizzes.
Sign Up with Email
OR
Log In

You Might Also Like...

Show Comments

Extras

Top Quizzes Today


Score Distribution

Your Account Isn't Verified!

In order to create a playlist on Sporcle, you need to verify the email address you used during registration. Go to your Sporcle Settings to finish the process.